000 00687nam a2200253Ia 4500
003 OSt
005 20221007064055.0
006 a|||||r|||| 00| 0
007 ta
008 221006b |||||||| |||| 00| 0 eng d
020 _a9781509500703
024 _a45,618
037 _cTextual
040 _aFLL
_cFLL
_beng
041 _2eng
_aeng
082 _aW:5.41, Q8
100 _aPILS Eva
_9685235
245 0 _aHuman rights in China
_b A social practice in the shadows of authoritarianism
250 _a1st
260 _aCambridge
_bPolity Press UK
_c2018
300 _axv,228p.
_ccm.
942 _hW:5.41, Q8
_cTEXL
_2CC
999 _c1132917
_d1132917